FIFA-Weltmeisterschaften der Frauen: Top 4 - Statistiken

Allgemein
  • Dieses Quiz wurde 10.288 mal gespielt
    10.044 seit der letzten Aktualisierung
  • Das Durchschnittsergebnis liegt bei 11 aus 13
Antwortstatistiken
Titel Top 4 Mannschaft % Korrekt
2 5 Deutschland
100%
1 1 Spanien
97%
4 8 Vereinigte Staaten
97%
0 1 Frankreich
93%
0 3 England
87%
0 2 Brasilien
86%
0 5 Schweden
82%
1 2 Japan
79%
0 1 Kanada
79%
1 4 Norwegen
75%
0 1 Niederlande
72%
0 1 Australien
68%
0 2 China
68%
Keine übereinstimmenden Quizze gefunden
Verteilung der Resultate
Anzahl Personen mit jedem Resultat
Perzentil nach korrekt beantworteten Fragen
Ihre Resultats-Entwicklung
Sie haben dieses Quiz seit der letzten Aktualisierung nicht gespielt